000 00333nam a22001453 4500
001 206963
005 20250901100138.0
090 _a206963
100 _a20250901 ukry50
101 _aukr
102 _aUA
200 _a
210 _d2025
801 _2unimarc
_aUA
_gpsbo
942 _cJOURNAL